Preistheorie
Guardat en:
| Autor principal: | |
|---|---|
| Format: | Llibre |
| Idioma: | alemany |
| Publicat: |
Colonia
Kiepenheurer y Witsch
1965
|
| Col·lecció: | Neue Wissenschaftliche Bibliothek
|
| Matèries: | |
| Etiquetes: |
Afegir etiqueta
Sense etiquetes, Sigues el primer a etiquetar aquest registre!
|
MARC
| LEADER | 00000nam a2200000 a 4500 | ||
|---|---|---|---|
| 001 | UCH0852 | ||
| 003 | CL-VaPUC | ||
| 008 | 090326e19650000GW |||||||||||||||||ger|d | ||
| 082 | 0 | 4 | |a 338.521 |b OTT |2 21 |
| 100 | |a Ott, Alfred Eugen |e mitwirkender |9 535185 | ||
| 245 | 1 | 0 | |a Preistheorie |
| 300 | |a 554 p | ||
| 942 | |c BK | ||
| 945 | |d 20090326 00:00:00 |a dcastane | ||
| 260 | |a Colonia |b Kiepenheurer y Witsch |c 1965 | ||
| 650 | 7 | |a TEORIA DE PRECIOS |2 CL-VaPUC |9 383113 | |
| 650 | 0 | |a Oferta y demanda |9 255571 | |
| 650 | 0 | |a Economía |9 255568 | |
| 650 | 0 | |a Mercado |9 321497 | |
| 583 | |a last modification |c 20140403 06:17:29 |k Rodrigo Vera | ||
| 490 | 0 | |a Neue Wissenschaftliche Bibliothek | |
| 999 | |c 333052 |d 333050 | ||
| 952 | |0 0 |1 0 |4 0 |6 338_521000000000000_OTT_1965 |7 0 |8 P |9 421192 |a BIBDER |b BIBDER |d 2019-11-22 |i 4525256 |o 338.521 OTT 1965 |p 4525256 |r 2023-01-25 |w 2019-11-22 |y BK |k DER | ||